Nghiên cứu chế tạo vật liệu hấp phụ tổ hợp chitosan/than hoạt tính và ứng dụng xử lý ion Cu2+, Ni2+ trong nước

Tách chitin từ vỏ tôm phế liệu và điều chế chitosan (CTS) từ chitin thu được. Chế tạo vật liệu hấp phụ (VLHP) chitosan/than hoạt tính. Ứng dụng VLHP chitosan/than hoạt tính để xử lý ion Cu2+, Ni2+ trong nước..

Enregistré dans:
Détails bibliographiques
Auteur principal: Lê Thị Kim Bích
Autres auteurs: Lê Tự Hải PGS. TS (Hướng dẫn)
Format: Livre
Langue:Vietnamese
Publié: Đà Nẵng Đại học Đà Nẵng 2015
Sujets:
Tags: Ajouter un tag
Pas de tags, Soyez le premier à ajouter un tag!
Thư viện lưu trữ: Mạng thư viện Đại học Đà Nẵng
LEADER 01790nam a2200373 4500
001 000023335
003 19786
005 20151202101219.0
008 151007s2015 viesd
041 |a vie 
082 1 4 |a 660.28423  |b LÊ-B 
100 1 |a Lê Thị Kim Bích 
245 1 |a Nghiên cứu chế tạo vật liệu hấp phụ tổ hợp chitosan/than hoạt tính và ứng dụng xử lý ion Cu2+, Ni2+ trong nước  |c Lê Thị Kim Bích ; Lê Tự Hải hướng dẫn.  |k Luận văn Thạc sĩ 
260 |a Đà Nẵng  |b Đại học Đà Nẵng  |c 2015 
300 |a 82 tr., phụ lục 5 tr.  |c 29 cm.  |e Tóm tắt 
500 |a Luận văn thạc sĩ Khoa học. Chuyên ngành: Hóa hữu cơ. Mã số: 60.40.01.14 
520 3 |a Tách chitin từ vỏ tôm phế liệu và điều chế chitosan (CTS) từ chitin thu được. Chế tạo vật liệu hấp phụ (VLHP) chitosan/than hoạt tính. Ứng dụng VLHP chitosan/than hoạt tính để xử lý ion Cu2+, Ni2+ trong nước.. 
650 0 4 |a Vật liệu hấp phụ  |v Luận văn tốt nghiệp  |x Xử lý ion  |x Nước 
653 |a Vật liệu hấp phụ 
653 |a Than hoạt tính 
653 |a Chitosan 
653 |a Hóa hữu cơ 
653 |a Nước 
700 1 |a Lê Tự Hải  |c PGS. TS  |e Hướng dẫn 
OWN |a LSP 
AVA |a UDN50  |b LSP  |d 660.28423 LÊ-B  |e available  |t Error 5001 Not defined in file expand_doc_bib_avail.  |f 1  |g 0  |h N  |i 0  |k 1 
999 |a From the UDN01 
AVA |a UDN50  |b LSP  |d 660.28423 LÊ-B  |e available  |t Error 5001 Not defined in file expand_doc_bib_avail.  |f 1  |g 0  |h N  |i 0  |k 1 
TYP |a Monograph 
TYP |a Printed language 
980 |a Mạng thư viện Đại học Đà Nẵng